000
00203nam a2200085Ia 4500
008
120527s9999 xx 000 0 und d
100
_a
Chinnici & Wadkouski
245
_a
Biology: Life on earth
942
_c
BK
999
_c
27282
_d
27282